000 00480nam a2200145Ia 4500
008 100122s9999 xx 000 0 und d
082 _b21807
_a641.35
100 _aउद्यम
245 _aभाजीपाल्याची लागवड
260 _bउद्यम प्रकाशन
_c1973
300 _a104
630 _aभाजीपाल्याची लागवड
730 _aभाजीपाल्याची लागवड
942 _cBOOK
999 _c409762
_d409759